000 00671nam a2200241 i 4500
001 C2-0308870
003 PPAK
005 20180728095802.0
008 110518s1980 my |||| ||||| | eng d
040 _aPPAK
_beng
_cPPAK
_erda
082 0 4 _a630.9595
_223
090 0 0 _a630.9595
_bZAH
_dKK
100 0 _aZahara Merican,
_eauthor
245 1 0 _aLapuran MARDI report :
_bQuality control for pineapple canneries
264 1 _aSelangor :
_bMARDI ,
_c1980
300 _a29 pages ;
_c26 cm.
336 _2rdacontent
_atext
337 _2rdamedia
_aunmediated
338 _2rdacarrier
_avolume
650 1 0 _aAgriculture - Malaysia
700 _eauthor
942 _ddc
_cB
999 _c111439
_d111439